[Event "XXVI Corsicoscacchi Magistrale"]
[Site "Corsico ITA"]
[Date "2003.04.30"]
[Round "1"]
[White "Cazzaniga, Walter"]
[Black "Lanzani, Giuliano"]
[Result "1/2-1/2"]
[WhiteElo "2094"]
[BlackElo "1833"]
[PlyCount "83"]
[EventDate "2003.04.30"]

1. d4 Nf6 2. c4 d6 3. Nc3 Nbd7 4. Nf3 e5 5. g3 Be7 6. Bg2 O-O 7. O-O c6 8. Qc2
a6 9. h3 Re8 10. e4 Qc7 11. Be3 Rb8 12. b3 b5 13. cxb5 cxb5 14. Qd3 b4 15. Nd5
Nxd5 16. exd5 Bf6 17. Rac1 Qa5 18. Nd2 exd4 19. Bxd4 Qb5 20. Nc4 Ne5 21. Bxe5
Bxe5 22. Rfe1 g6 23. Nxe5 dxe5 24. Qxb5 Rxb5 25. Rc7 Rb7 26. Rec1 Rxc7 27. Rxc7
Kf8 28. Bf1 Rd8 29. g4 h5 30. f3 hxg4 31. hxg4 f5 32. g5 f4 33. Bc4 Bf5 34. Rc6
Ke7 35. Rxa6 Rd6 36. Ra7+ Rd7 37. Ra4 Rb7 38. Ra6 Rb8 39. Kf2 Rh8 40. d6+ Kd7
41. Bb5+ Ke6 42. Bc4+ 1/2-1/2

[Event "XXVI Corsicoscacchi Magistrale"]
[Site "Corsico ITA"]
[Date "2003.04.30"]
[Round "1"]
[White "Cedriano, Filippo"]
[Black "Bozzali, Ermanno"]
[Result "0-1"]
[WhiteElo "1807"]
[BlackElo "2095"]
[PlyCount "96"]
[EventDate "2003.04.30"]

1. e4 g6 2. d4 Bg7 3. Nf3 c6 4. a4 d5 5. e5 Nh6 6. Bf4 f6 7. Bd3 Nf7 8. Qe2 Bg4
9. e6 Nd6 10. O-O O-O 11. Nbd2 a5 12. h3 Bf5 13. Bxf5 Nxf5 14. g4 Nd6 15. g5
fxg5 16. Be5 Rf5 17. Bxg7 Kxg7 18. Kh1 Na6 19. Rg1 Ne4 20. Nxe4 dxe4 21. Qxe4
Qd5 22. Qxd5 cxd5 23. Nxg5 Rc8 24. c3 Rc6 25. Rae1 h6 26. Nf7 Rxf2 27. Nd8 Rb6
28. Rgf1 Rbxb2 29. Rxf2 Rxf2 30. Nxb7 Rf3 31. Kg2 Rxc3 32. Nxa5 Kf6 33. Nb7 Rc4
34. Nd8 Rxd4 35. Rf1+ Kg5 36. Nc6 Rxa4 37. Nxe7 Nc5 38. Re1 Re4 39. Rc1 Nxe6
40. Nxd5 h5 41. Rc3 Re5 42. Rg3+ Kh6 43. Ne3 g5 44. Kf2 Nf4 45. Kf3 Ng6 46. Ng2
Ne7 47. h4 g4+ 48. Kf4 Ng6# 0-1

[Event "XXVI Corsicoscacchi Magistrale"]
[Site "Corsico ITA"]
[Date "2003.04.30"]
[Round "1"]
[White "Cereda, Loris"]
[Black "Bonazzi, Edoardo"]
[Result "0-1"]
[WhiteElo "1917"]
[BlackElo "2153"]
[PlyCount "90"]
[EventDate "2003.04.30"]

1. e4 c6 2. d4 d5 3. exd5 cxd5 4. Bd3 Nc6 5. c3 g6 6. h3 Bg7 7. Nf3 Nh6 8. Bf4
f6 9. O-O Nf7 10. Re1 O-O 11. Bh2 e5 12. Bc2 e4 13. Nfd2 f5 14. Na3 Bh6 15. Kh1
a6 16. Qe2 Nd6 17. Bb3 Be6 18. Nc2 b5 19. Ne3 Nc4 20. Bxc4 bxc4 21. b4 Qh4 22.
Nef1 f4 23. Nxe4 f3 24. gxf3 dxe4 25. Qxe4 Qxe4 26. fxe4 Bxh3 27. d5 Ne7 28.
Bg3 Bxf1 29. Rxf1 Bf4 30. Kg2 g5 31. Rad1 Ng6 32. Rfe1 Ne5 33. a4 h5 34. Bxf4
Rxf4 35. d6 Kf7 36. Rd5 Ke6 37. d7 Rg4+ 38. Kh3 Rd8 39. Ra5 Rxd7 40. Rxa6+ Ke7
41. Re3 Rd1 42. Rg3 Rh4+ 43. Kg2 Rhh1 44. f3 Nd3 45. Ra7+ Kd8 0-1

[Event "XXVI Corsicoscacchi Magistrale"]
[Site "Corsico ITA"]
[Date "2003.04.30"]
[Round "1"]
[White "Kidane, Robel"]
[Black "Gentili, Gianguido"]
[Result "1-0"]
[WhiteElo "2054"]
[BlackElo "1768"]
[PlyCount "75"]
[EventDate "2003.04.30"]

1. e4 e5 2. Nf3 Nc6 3. Bb5 Bc5 4. c3 Qf6 5. O-O Nge7 6. d4 exd4 7. Bg5 Qg6 8.
Bxe7 Bxe7 9. cxd4 O-O 10. d5 Qh5 11. Be2 Nd8 12. Nd4 Qe5 13. Nf5 Bf6 14. Nc3 d6
15. f4 Qe8 16. Bb5 c6 17. Nxd6 Qd7 18. dxc6 bxc6 19. Bc4 Rb8 20. e5 Be7 21.
Nxc8 Qxc8 22. b3 Ne6 23. f5 Rd8 24. Qh5 g6 25. Bxe6 Bc5+ 26. Kh1 gxh5 27. Bxc8
Rbxc8 28. Ne4 Bd4 29. Nf6+ Kh8 30. Rae1 Rc7 31. Nxh5 Re7 32. e6 Kg8 33. Nf4 c5
34. Rd1 Rd6 35. Rd3 fxe6 36. Nxe6 Kf7 37. b4 Red7 38. Rfd1 1-0

[Event "XXVI Corsicoscacchi Magistrale"]
[Site "Corsico ITA"]
[Date "2003.04.30"]
[Round "1"]
[White "Lapiccirella, Daniele"]
[Black "De Santis, Massimo"]
[Result "1-0"]
[WhiteElo "2105"]
[BlackElo "1840"]
[PlyCount "95"]
[EventDate "2003.04.30"]

1. d4 Nf6 2. c4 e6 3. Bg5 Be7 4. Nc3 d5 5. cxd5 exd5 6. e3 c6 7. Bd3 Be6 8. Qc2
h6 9. Bh4 Nh5 10. Bxe7 Qxe7 11. Nf3 Nd7 12. O-O O-O 13. Rab1 a5 14. Rfc1 Bg4
15. Be2 Nhf6 16. Nd2 Rfe8 17. Bd3 Nf8 18. Na4 N6d7 19. Nb3 Bh5 20. Nbc5 Nxc5
21. Nxc5 Bg6 22. Bxg6 Nxg6 23. b4 axb4 24. Rxb4 Reb8 25. Rcb1 Ra7 26. a4 b5 27.
axb5 cxb5 28. Qf5 Qd6 29. g3 Qc6 30. Qd3 Ra5 31. Qb3 Ne5 32. dxe5 Qxc5 33. Rd1
Rd8 34. Rbd4 Ra3 35. Qb4 Rc3 36. Qxc5 Rxc5 37. e4 Kf8 38. exd5 Ke7 39. R1d2 g5
40. f4 f6 41. Kf2 fxe5 42. fxe5 Rf8+ 43. Ke3 Kd7 44. Ra2 Rc7 45. e6+ Kd6 46.
Ke4 Rc1 47. Ra6+ Kc5 48. Rc6# 1-0

[Event "XXVI Corsicoscacchi Magistrale"]
[Site "Corsico ITA"]
[Date "2003.04.30"]
[Round "1"]
[White "Lucchese, Paolo"]
[Black "Radice, Luca"]
[Result "1-0"]
[WhiteElo "1818"]
[BlackElo "2087"]
[PlyCount "61"]
[EventDate "2003.04.30"]

1. e4 e6 2. d4 d5 3. Nc3 dxe4 4. Nxe4 Bd7 5. Nf3 Bc6 6. Bd3 Nd7 7. O-O Ngf6 8.
Re1 Nxe4 9. Bxe4 Bxe4 10. Rxe4 Be7 11. Re1 O-O 12. Bf4 Re8 13. Qd2 c6 14. c4
Qb6 15. a3 c5 16. Ne5 Rad8 17. dxc5 Nxc5 18. Qc2 Nb3 19. Rad1 Nd4 20. Qb1 a5
21. Be3 f6 22. Rxd4 Rxd4 23. Nf3 e5 24. Bxd4 exd4 25. Qe4 d3 26. Qd5+ Kf8 27.
Qxd3 Qxb2 28. Qxh7 Rd8 29. Nh4 Bc5 30. Qh8+ Kf7 31. Qh5+ 1-0

[Event "XXVI Corsicoscacchi Magistrale"]
[Site "Corsico ITA"]
[Date "2003.04.30"]
[Round "1"]
[White "Massironi, Marco"]
[Black "Pattarello, Pierluigi"]
[Result "0-1"]
[WhiteElo "2082"]
[BlackElo "1815"]
[PlyCount "89"]
[EventDate "2003.04.30"]

1. e4 e6 2. d4 d5 3. Nc3 Bb4 4. e5 c5 5. a3 Bxc3+ 6. bxc3 Ne7 7. Qg4 cxd4 8.
cxd4 Qc7 9. Kd1 Nbc6 10. Bd3 Bd7 11. Ne2 g6 12. Rb1 O-O-O 13. a4 Na5 14. Ba3
Bxa4 15. Bd6 Qd7 16. Nc3 Nf5 17. Bb5 Bxb5 18. Nxb5 Nc6 19. Qf4 a6 20. g4 axb5
21. gxf5 gxf5 22. Rxb5 Na7 23. Rc5+ Nc6 24. Kd2 b6 25. Rb5 Nxe5 26. Bxe5 Qxb5
27. Bxh8 Qa5+ 28. c3 Rxh8 29. Qe5 Rg8 30. Qf6 Qa2+ 31. Ke3 Rg2 32. Rf1 Qc2 33.
Qe5 Qxc3+ 34. Ke2 Qc2+ 35. Ke1 Qe4+ 36. Qxe4 fxe4 37. Rh1 e3 38. fxe3 Ra2 39.
Rf1 Ra1+ 40. Ke2 Rxf1 41. Kxf1 Kc7 42. Ke2 Kc6 43. Kd3 Kb5 44. Kc3 Ka4 45. h4
0-1

[Event "XXVI Corsicoscacchi Magistrale"]
[Site "Corsico ITA"]
[Date "2003.04.30"]
[Round "1"]
[White "Mazzariol, Oscar"]
[Black "Cartella, Giovanni"]
[Result "1/2-1/2"]
[WhiteElo "2061"]
[BlackElo "1803"]
[PlyCount "120"]
[EventDate "2003.04.30"]

1. e4 c5 2. Nf3 d6 3. c3 Nc6 4. d4 cxd4 5. cxd4 e6 6. Nc3 Nf6 7. Bg5 Be7 8. d5
exd5 9. exd5 Nb8 10. Be2 O-O 11. O-O a6 12. Rc1 Nbd7 13. Re1 h6 14. Bf4 Nb6 15.
Qd4 Re8 16. Bd3 Bg4 17. Nd2 Bh5 18. Qb4 Nbxd5 19. Nxd5 Nxd5 20. Qe4 Nf6 21.
Qxb7 Rb8 22. Qxa6 Rxb2 23. Nc4 Rb8 24. Bxd6 Ra8 25. Bxe7 Rxe7 26. Qc6 Rc8 27.
Qd6 Rxe1+ 28. Rxe1 Qxd6 29. Nxd6 Rd8 30. Rb1 Ne8 31. Nxe8 Rxd3 32. h3 Ra3 33.
Rb8 Kh7 34. f4 f6 35. Nd6 Bd1 36. f5 Ra7 37. Rf8 h5 38. Nf7 g5 39. Nd6 Kg7 40.
Rd8 Bc2 41. Rc8 Rxa2 42. Rc7+ Kg8 43. Ne8 Bxf5 44. Nxf6+ Kf8 45. Nxh5 Be4 46.
g4 Rg2+ 47. Kf1 Rh2 48. Nf6 Bd3+ 49. Kg1 Rxh3 50. Kg2 Rh4 51. Kg3 Be2 52. Nh7+
Kg8 53. Nf6+ Kf8 54. Rc5 Rh6 55. Ne4 Rg6 56. Nxg5 Bd1 57. Kf4 Ke7 58. Kf5 Rf6+
59. Ke5 Bxg4 60. Rc7+ Bd7 1/2-1/2

[Event "XXVI Corsicoscacchi Magistrale"]
[Site "Corsico ITA"]
[Date "2003.04.30"]
[Round "1"]
[White "Nannelli, Paolo"]
[Black "Damia, Angelo"]
[Result "1/2-1/2"]
[WhiteElo "2174"]
[BlackElo "1991"]
[PlyCount "66"]
[EventDate "2003.04.30"]

1. c4 e5 2. g3 d6 3. Bg2 Nc6 4. Nc3 Be7 5. d3 Be6 6. Qa4 Qd7 7. Nd5 Nf6 8. e3
Bd8 9. b4 Ne7 10. Nxf6+ gxf6 11. Qxd7+ Bxd7 12. Bb2 c6 13. Ne2 a5 14. a3 axb4
15. axb4 Rxa1+ 16. Bxa1 Bc7 17. O-O O-O 18. Bb2 Ra8 19. Ra1 Rxa1+ 20. Bxa1 d5
21. cxd5 Nxd5 22. b5 Nb4 23. bxc6 Nxc6 24. Nc3 Kg7 25. Nb5 Bb8 26. d4 Nxd4 27.
Nxd4 exd4 28. Bxb7 dxe3 29. fxe3 Be5 30. Bd4 Kg6 31. Kf2 Bd6 32. Be4+ f5 33.
Bd5 Bc7 1/2-1/2

[Event "XXVI Corsicoscacchi Magistrale"]
[Site "Corsico ITA"]
[Date "2003.04.30"]
[Round "1"]
[White "Pelizzola, Danilo"]
[Black "Chiaretti, Roberto"]
[Result "1/2-1/2"]
[WhiteElo "1998"]
[BlackElo "2194"]
[PlyCount "88"]
[EventDate "2003.04.30"]

1. e4 c5 2. Nf3 e6 3. d4 cxd4 4. Nxd4 Nf6 5. Bd3 d5 6. exd5 Nxd5 7. O-O Be7 8.
c3 O-O 9. Re1 Bf6 10. Bc2 Bd7 11. Qd3 g6 12. Bh6 Re8 13. Nd2 Nc6 14. Nxc6 Bxc6
15. Ne4 Be7 16. Rad1 Qc7 17. Bb3 Qe5 18. Ng5 Qf6 19. g3 Rad8 20. Qe2 Bf8 21.
Ne4 Qe5 22. f4 Qh8 23. Bg5 Bg7 24. Bxd8 Rxd8 25. c4 Bd4+ 26. Kf1 Ne7 27. Rd3 e5
28. Ng5 h6 29. Nf3 e4 30. Rxd4 Rxd4 31. Nxd4 Qxd4 32. Rd1 Qf6 33. Qd2 Qe6 34.
Qd8+ Kh7 35. Rd5 Nxd5 36. cxd5 Bb5+ 37. Ke1 Qh3 38. Qe7 Qf1+ 39. Kd2 Qd3+ 40.
Kc1 Qe3+ 41. Kc2 Qd3+ 42. Kc1 Qe3+ 43. Kc2 Bd3+ 44. Kc3 Bf1+ 1/2-1/2

[Event "XXVI Corsicoscacchi Magistrale"]
[Site "Corsico ITA"]
[Date "2003.04.30"]
[Round "1"]
[White "Piazza, Angelo"]
[Black "Astengo, Marcello"]
[Result "1/2-1/2"]
[WhiteElo "1800"]
[BlackElo "2055"]
[PlyCount "105"]
[EventDate "2003.04.30"]

1. b3 d5 2. Bb2 c6 3. e3 Nf6 4. Nf3 Bf5 5. Be2 h6 6. O-O e6 7. d3 Be7 8. Nbd2
O-O 9. Re1 Nbd7 10. Bf1 Nc5 11. g3 Rc8 12. Bg2 Re8 13. a3 Qc7 14. Be5 Qd7 15.
h3 Bg6 16. Bd4 Bh7 17. Ne5 Qc7 18. Ndf3 Bd6 19. Qd2 Re7 20. Qc3 Na6 21. Qd2 Ne8
22. Ng4 h5 23. Ngh2 c5 24. Bb2 b5 25. c4 bxc4 26. bxc4 dxc4 27. dxc4 Nb8 28.
Ng5 h4 29. Nxh7 Kxh7 30. e4 Nc6 31. Nf3 Ne5 32. Nxe5 Bxe5 33. Bxe5 Qxe5 34.
gxh4 Nd6 35. Rac1 Rb8 36. Qg5 Qxg5 37. hxg5 Kg6 38. Red1 Rb6 39. f4 Nc8 40. Rd3
Rb2 41. Kh2 Reb7 42. Kg3 R7b3 43. Rcc3 Rxc3 44. Rxc3 Nd6 45. Bf3 Rb1 46. Kf2 a5
47. h4 a4 48. h5+ Kh7 49. Ke3 Kg8 50. Kd3 Kf8 51. Rc2 Rb3+ 52. Rc3 Rb1 53. Kd2
1/2-1/2

[Event "XXVI Corsicoscacchi Magistrale"]
[Site "Corsico ITA"]
[Date "2003.04.30"]
[Round "1"]
[White "Podini, Francesco"]
[Black "Popa, Florin"]
[Result "1/2-1/2"]
[WhiteElo "2043"]
[BlackElo "2204"]
[PlyCount "172"]
[EventDate "2003.04.30"]

1. e4 e5 2. Bc4 Nc6 3. Nc3 Nf6 4. d3 Bb4 5. Bd2 Na5 6. Bb3 Nxb3 7. axb3 d6 8.
h3 O-O 9. Nf3 c6 10. O-O Qe7 11. Qe2 Nh5 12. d4 Nf4 13. Bxf4 exf4 14. Ra4 Bxc3
15. bxc3 d5 16. Re1 Re8 17. e5 Bf5 18. Raa1 g5 19. Nh2 Qe6 20. Ng4 Bxg4 21.
Qxg4 Qxg4 22. hxg4 a6 23. Re2 Re6 24. Rae1 Rae8 25. Kf1 R8e7 26. f3 Kg7 27. Kf2
Kg6 28. g3 f6 29. gxf4 gxf4 30. Kg2 a5 31. Kh3 Kg5 32. Kg2 h5 33. gxh5 Kxh5 34.
Kf2 Kg5 35. Ra1 b6 36. b4 Ra7 37. exf6 Kxf6 38. Rxe6+ Kxe6 39. Ke2 a4 40. Kd3
b5 41. c4 Rh7 42. Re1+ Kd6 43. c5+ Kd7 44. Rg1 Re7 45. Kd2 Re3 46. Rg7+ Kc8 47.
Rg6 Kb7 48. Rg7+ Ka6 49. Rg6 Kb7 50. Rg7+ Kc8 51. Rg6 Kd7 52. Rg7+ Re7 53. Rg1
Re6 54. Rg7+ Kd8 55. Rf7 a3 56. Ra7 Re3 57. c3 Rxf3 58. Rxa3 Re3 59. Ra7 Ke8
60. Rh7 Re4 61. Rc7 Re6 62. Rh7 Kf8 63. Rh4 Re4 64. Rh6 Kg7 65. Rxc6 f3 66. Ra6
Re2+ 67. Kd3 Kf7 68. Ra1 Rf2 69. Rg1 Rh2 70. Rf1 Rh3 71. Rf2 Ke6 72. Ke3 Rh1
73. Rxf3 Re1+ 74. Kd2 Rh1 75. Re3+ Kf5 76. Re5+ Kf4 77. Rxd5 Rh2+ 78. Kd3 Rh3+
79. Kc2 Rh2+ 80. Kb3 Ke4 81. Re5+ Kd3 82. c6 Rc2 83. Rc5 Rc1 84. c7 Rb1+ 85.
Ka2 Kc2 86. Rxb5 Rb2+ 1/2-1/2

[Event "XXVI Corsicoscacchi Magistrale"]
[Site "Corsico ITA"]
[Date "2003.04.30"]
[Round "1"]
[White "Stefanetti, Marco"]
[Black "Bonanno, Alessandro"]
[Result "1/2-1/2"]
[WhiteElo "1873"]
[BlackElo "2109"]
[PlyCount "103"]
[EventDate "2003.04.30"]

1. d4 Nf6 2. Nf3 g6 3. c4 Bg7 4. Nc3 O-O 5. e4 d6 6. Be2 e5 7. O-O Nc6 8. d5
Ne7 9. Ne1 Nd7 10. f3 f5 11. g4 h6 12. h4 Nf6 13. Be3 Qd7 14. Nd3 fxg4 15. fxg4
Nxg4 16. Rxf8+ Bxf8 17. Bxg4 Qxg4+ 18. Qxg4 Bxg4 19. Nb5 Be2 20. Nf2 c5 21.
Nxd6 Nxd5 22. Bxc5 b6 23. Ba3 Nf4 24. Nb5 Bxc4 25. Bxf8 Rxf8 26. Nxa7 Ne2+ 27.
Kg2 Nd4 28. Rc1 Bxa2 29. Nc6 Nf3 30. Ne7+ Kg7 31. Rc7 Nxh4+ 32. Kg3 Rf3+ 33.
Kxh4 Rxf2 34. Nf5+ Kf6 35. Kg3 Rxb2 36. Rc6+ Kg5 37. Nh4 Rb3+ 38. Nf3+ Kh5 39.
Rc2 Rxf3+ 40. Kxf3 Be6 41. Rb2 Bg4+ 42. Kg3 Kg5 43. Rxb6 h5 44. Kf2 Kf4 45.
Rxg6 Kxe4 46. Kg3 Ke3 47. Rd6 e4 48. Rd8 Bf3 49. Rd6 Ke2 50. Kf4 Kf2 51. Re6 h4
52. Rxe4 1/2-1/2

[Event "XXVI Corsicoscacchi Magistrale"]
[Site "Corsico ITA"]
[Date "2003.04.30"]
[Round "1"]
[White "Strada, Stefano"]
[Black "Bini, Lorenzo"]
[Result "1/2-1/2"]
[WhiteElo "1815"]
[BlackElo "2065"]
[PlyCount "111"]
[EventDate "2003.04.30"]

1. c4 b6 2. Nc3 Bb7 3. e4 e6 4. Nf3 h6 5. d4 d6 6. Bd3 Nd7 7. O-O g6 8. Re1 Bg7
9. Be3 Ne7 10. Qd2 g5 11. d5 e5 12. b4 Ng6 13. Kf1 g4 14. Ng1 Qh4 15. h3 gxh3
16. Nxh3 Nf6 17. f3 Nh5 18. Ne2 Bc8 19. Bf2 Qf6 20. Nhg1 Nhf4 21. Nxf4 Nxf4 22.
g3 Nh3 23. Kg2 Nxf2 24. Qxf2 h5 25. Ne2 Bh6 26. Rh1 Bd2 27. a3 Qg5 28. f4 exf4
29. Nxf4 Bxf4 30. Qxf4 Qxf4 31. gxf4 Bg4 32. Rag1 a5 33. Kf2 Rg8 34. Rxh5 Ke7
35. Rg5 Rxg5 36. fxg5 Bh5 37. Ke3 axb4 38. axb4 Bg6 39. Kd4 Ra3 40. Rg3 Rb3 41.
b5 Ra3 42. Re3 Kd8 43. Be2 Ra1 44. Rg3 Re1 45. Rg2 Ra1 46. Ke3 Ra3+ 47. Kf4 Ke7
48. Rg3 Rxg3 49. Kxg3 Bxe4 50. Kf4 Bg6 51. Bf1 f6 52. Be2 Kf7 53. Bf1 Bc2 54.
Be2 Kg6 55. gxf6 Kxf6 56. Bf1 1/2-1/2

[Event "XXVI Corsicoscacchi Magistrale"]
[Site "Corsico ITA"]
[Date "2003.04.30"]
[Round "1"]
[White "Ubezio, Marco"]
[Black "Gandolfi, Gianfranco"]
[Result "1-0"]
[WhiteElo "2195"]
[BlackElo "2013"]
[PlyCount "59"]
[EventDate "2003.04.30"]

1. d4 Nf6 2. Bg5 Ne4 3. Bf4 c5 4. f3 Nf6 5. dxc5 Qa5+ 6. Qd2 Qxc5 7. e4 d6 8.
Nc3 g6 9. Be3 Qb4 10. Nb5 Qxd2+ 11. Kxd2 Na6 12. Nxa7 Bd7 13. Bb5 Bg7 14. Ne2
O-O 15. a4 Nc5 16. Nc3 Rxa7 17. e5 Bxb5 18. exf6 Bxf6 19. axb5 Rfa8 20. Rxa7
Rxa7 21. b4 Ra3 22. Nb1 Rxe3 23. Kxe3 Na4 24. c4 Nb6 25. Kd3 Nd7 26. Kc2 b6 27.
Nc3 Ne5 28. Kb3 Nd3 29. Nd5 Bd4 30. Rd1 1-0

[Event "XXVI Corsicoscacchi Magistrale"]
[Site "Corsico ITA"]
[Date "2003.04.30"]
[Round "1"]
[White "Zoldan, Matteo"]
[Black "Di Lascio, Savino"]
[Result "1/2-1/2"]
[WhiteElo "2124"]
[BlackElo "1895"]
[PlyCount "35"]
[EventDate "2003.04.30"]

1. e4 c6 2. d4 d5 3. e5 Bf5 4. Nf3 e6 5. Be2 c5 6. c3 Nc6 7. O-O Rc8 8. a3 c4
9. Be3 h6 10. Nbd2 Bh7 11. b3 b5 12. a4 a6 13. Ne1 Nge7 14. b4 Nf5 15. Nc2 Be7
16. Nf3 g5 17. Nfe1 Bg6 18. f4 1/2-1/2

[Event "XXVI Corsicoscacchi Magistrale"]
[Site "Corsico ITA"]
[Date "2003.05.01"]
[Round "2"]
[White "Astengo, Marcello"]
[Black "Cartella, Giovanni"]
[Result "1-0"]
[WhiteElo "2055"]
[BlackElo "1803"]
[PlyCount "89"]
[EventDate "2003.04.30"]

1. d4 d5 2. Nf3 Bf5 3. c3 c6 4. Bf4 Qb6 5. Qc1 e6 6. Nbd2 Nf6 7. Nh4 Bg6 8.
Nxg6 hxg6 9. f3 Nh5 10. Be5 Nd7 11. g4 Nhf6 12. Bg3 c5 13. e3 c4 14. Be2 Bd6
15. f4 Qc7 16. O-O g5 17. Kg2 gxf4 18. exf4 O-O-O 19. b3 Nb6 20. Qc2 g5 21.
fxg5 Bxg3 22. hxg3 Ne8 23. Nf3 Nd6 24. Ne5 Rdf8 25. Bf3 Nd7 26. g6 Rhg8 27.
gxf7 Nxf7 28. Ng6 Re8 29. bxc4 Ng5 30. cxd5 Nf6 31. Ne5 Nxf3 32. Rxf3 Nxd5 33.
Qb3 Qh7 34. Rh1 Qe4 35. Qc4+ Kb8 36. Qd3 Qxd3 37. Rxd3 Rc8 38. Nd7+ Ka8 39. Nc5
e5 40. Rh5 Rxg4 41. Kh3 Rcg8 42. dxe5 b6 43. Nd7 Rxg3+ 44. Rxg3 Nf4+ 45. Kh4
1-0

[Event "XXVI Corsicoscacchi Magistrale"]
[Site "Corsico ITA"]
[Date "2003.05.01"]
[Round "2"]
[White "Bini, Lorenzo"]
[Black "Stefanetti, Marco"]
[Result "0-1"]
[WhiteElo "2065"]
[BlackElo "1873"]
[PlyCount "76"]
[EventDate "2003.04.30"]

1. f4 d5 2. b3 Nf6 3. Bb2 c6 4. g3 Bf5 5. Bg2 Nbd7 6. Nf3 e6 7. e3 Bd6 8. Nc3
Qe7 9. O-O h5 10. Nh4 O-O-O 11. d3 Bc5 12. Qe2 d4 13. exd4 Bxd4+ 14. Kh1 Bg4
15. Qe1 Qd6 16. Na4 Nb6 17. Qa5 Nxa4 18. Bxd4 Qxd4 19. bxa4 Qb6 20. Qd2 Nd5 21.
Rab1 Qc5 22. Rfe1 f6 23. c4 Ne7 24. Qb2 Rd7 25. Nf3 Bxf3 26. Bxf3 h4 27. g4 Ng6
28. Rxe6 Qb6 29. Qc2 Qd4 30. Re4 Qxd3 31. Qf2 Qxb1+ 32. Re1 Qb6 33. c5 Qb4 34.
f5 Ne5 35. Be4 Rd2 36. Qg1 Qd4 37. Qxd4 Rxd4 38. h3 Rhd8 0-1

[Event "XXVI Corsicoscacchi Magistrale"]
[Site "Corsico ITA"]
[Date "2003.05.01"]
[Round "2"]
[White "Bonanno, Alessandro"]
[Black "Strada, Stefano"]
[Result "1/2-1/2"]
[WhiteElo "2109"]
[BlackElo "1815"]
[PlyCount "90"]
[EventDate "2003.04.30"]

1. e4 b6 2. d4 Bb7 3. Nc3 e6 4. Be3 Nf6 5. f3 Be7 6. Qd2 d6 7. O-O-O Nbd7 8. g4
h6 9. Nge2 c6 10. h4 Qc7 11. Rg1 O-O-O 12. g5 hxg5 13. hxg5 Nh5 14. Bh3 g6 15.
Bg4 Rh7 16. f4 d5 17. f5 exf5 18. exf5 Re8 19. Bxh5 Rxh5 20. fxg6 fxg6 21. Rde1
Bd6 22. Nf4 Bxf4 23. Bxf4 Qd8 24. Qd3 Nf8 25. Rh1 Rxh1 26. Rxh1 Qe7 27. Qg3 Ne6
28. Re1 Qf7 29. Be5 Qf5 30. Bf6 Kd7 31. Re5 Qf4+ 32. Qxf4 Nxf4 33. Rxe8 Kxe8
34. Kd2 Ba6 35. Ke3 Nh5 36. Be5 Bc8 37. Na4 Kf7 38. Bb8 b5 39. Nc5 a6 40. Nd3
Ke6 41. Ne5 Bb7 42. Kf3 Kf5 43. Nf7 Ba8 44. Be5 a5 45. b3 a4 1/2-1/2

[Event "XXVI Corsicoscacchi Magistrale"]
[Site "Corsico ITA"]
[Date "2003.05.01"]
[Round "2"]
[White "Bonazzi, Edoardo"]
[Black "Kidane, Robel"]
[Result "1-0"]
[WhiteElo "2153"]
[BlackElo "2054"]
[PlyCount "50"]
[EventDate "2003.04.30"]

1. c4 e5 2. Nc3 Nf6 3. g3 Bb4 4. Bg2 c6 5. d4 Qa5 6. dxe5 Ng4 7. Bd2 Qb6 8. Ne4
Nxe5 9. Bxb4 Qxb4+ 10. Qd2 Qxd2+ 11. Nxd2 d6 12. Ngf3 Be6 13. Nxe5 dxe5 14. Ne4
Ke7 15. Nc5 Bxc4 16. Nxb7 Bd5 17. O-O Nd7 18. Na5 Rhc8 19. Rfd1 Bxg2 20. Kxg2
c5 21. Nc4 g6 22. Rd5 f6 23. Rad1 Rc7 24. Rd6 Rb8 25. b3 Nb6 1-0

[Event "XXVI Corsicoscacchi Magistrale"]
[Site "Corsico ITA"]
[Date "2003.05.01"]
[Round "2"]
[White "Bozzali, Ermanno"]
[Black "Ubezio, Marco"]
[Result "1-0"]
[WhiteElo "2095"]
[BlackElo "2195"]
[PlyCount "87"]
[EventDate "2003.04.30"]

1. e4 Nf6 2. e5 Nd5 3. d4 d6 4. Nf3 Nc6 5. c4 Nb6 6. e6 fxe6 7. Ng5 e5 8. d5
Nd4 9. Bd3 g6 10. Nc3 Bg7 11. h4 Nd7 12. Nxh7 Nf8 13. Nxf8 Kxf8 14. Bxg6 e6 15.
h5 exd5 16. h6 Bf6 17. Nxd5 c6 18. Nxf6 Qxf6 19. Qh5 Bf5 20. Bxf5 Qxf5 21.
Qxf5+ Nxf5 22. Bd2 Kf7 23. O-O-O Rag8 24. Rh5 Ke6 25. g3 Rh7 26. b3 a6 27. Kb2
b5 28. cxb5 axb5 29. Rg5 Rxg5 30. Bxg5 d5 31. g4 Nd6 32. Rc1 Kd7 33. f3 Nf7 34.
Bd2 Nh8 35. a4 Ng6 36. axb5 cxb5 37. Rc5 Kd6 38. Rxb5 Kc6 39. Ra5 Nh4 40. g5
Nxf3 41. g6 Rb7 42. g7 Nxd2 43. Ra6+ Kc5 44. g8=Q 1-0

[Event "XXVI Corsicoscacchi Magistrale"]
[Site "Corsico ITA"]
[Date "2003.05.01"]
[Round "2"]
[White "Chiaretti, Roberto"]
[Black "Podini, Francesco"]
[Result "1-0"]
[WhiteElo "2194"]
[BlackElo "2043"]
[PlyCount "77"]
[EventDate "2003.04.30"]

1. d4 Nf6 2. c4 c5 3. d5 b5 4. f3 Qa5+ 5. Qd2 Qxd2+ 6. Nxd2 bxc4 7. e4 e6 8.
dxe6 fxe6 9. e5 Nd5 10. Nxc4 Nc6 11. Bd2 Be7 12. O-O-O O-O 13. Nh3 Ba6 14. Re1
Rab8 15. Kb1 Nd4 16. Rc1 h6 17. Nf2 Nf4 18. Bxf4 Rxf4 19. Ne4 Rf5 20. Ned6 Rff8
21. Nd2 Bxf1 22. Rhxf1 Bxd6 23. exd6 Rf5 24. Ne4 Rc8 25. Rc4 Rd5 26. Rfc1 Nf5
27. Rxc5 Rcxc5 28. Rxc5 Rd1+ 29. Rc1 Rd5 30. Rc8+ Kf7 31. Rd8 Rd1+ 32. Kc2 Ne3+
33. Kb3 Rd3+ 34. Ka4 Rd4+ 35. b4 Nd5 36. Rxd7+ Ke8 37. Rb7 Nb6+ 38. Kb5 Nd5 39.
a3 1-0

[Event "XXVI Corsicoscacchi Magistrale"]
[Site "Corsico ITA"]
[Date "2003.05.01"]
[Round "2"]
[White "Damia, Angelo"]
[Black "Zoldan, Matteo"]
[Result "1-0"]
[WhiteElo "1991"]
[BlackElo "2124"]
[PlyCount "121"]
[EventDate "2003.04.30"]

1. e4 c5 2. d4 cxd4 3. c3 dxc3 4. Nxc3 Nc6 5. Nf3 e6 6. Bc4 a6 7. O-O Nge7 8.
Re1 Ng6 9. Be3 b5 10. Bb3 Be7 11. Nd5 exd5 12. exd5 O-O 13. dxc6 dxc6 14. Qxd8
Rxd8 15. Bb6 Rf8 16. Rac1 Bf6 17. Rxc6 Bb7 18. Rc2 Rac8 19. Nd4 Rxc2 20. Bxc2
Nf4 21. Be4 Re8 22. Bxh7+ Kf8 23. Bc5+ Be7 24. Rxe7 Rxe7 25. Nf5 Nd5 26. Nxe7
Nxe7 27. Bd3 Ke8 28. f4 Nd5 29. g3 Bc6 30. h4 a5 31. Kh2 Bd7 32. f5 Bc6 33. Kh3
Bd7 34. Be4 Nf6 35. Bb1 Bc6 36. Bd4 Ke7 37. g4 Ne8 38. Bc5+ Kf6 39. Bd4+ Ke7
40. g5 f6 41. Bc5+ Kd7 42. Kg4 Bd5 43. Bf8 fxg5 44. Kxg5 Bf7 45. a4 bxa4 46.
Bc2 Bb3 47. Bd3 Bf7 48. Bb5+ Kd8 49. Bxa4 Bd5 50. Kg6 Be4 51. Bc5 Nf6 52. Bb6+
Ke7 53. Bc5+ Kd8 54. Kxg7 Nh5+ 55. Kh6 Ng3 56. f6 Bd5 57. Bb6+ Kc8 58. Bxa5
Nf5+ 59. Kg5 Nd6 60. Kg6 Nc4 61. Bc3 1-0

[Event "XXVI Corsicoscacchi Magistrale"]
[Site "Corsico ITA"]
[Date "2003.05.01"]
[Round "2"]
[White "De Santis, Massimo"]
[Black "Massironi, Marco"]
[Result "1/2-1/2"]
[WhiteElo "1840"]
[BlackElo "2082"]
[PlyCount "98"]
[EventDate "2003.04.30"]

1. d4 Nf6 2. c4 g6 3. Nc3 d5 4. Bg5 Ne4 5. Bh4 Nxc3 6. bxc3 Bg7 7. Qb3 dxc4 8.
Qxc4 a6 9. Bg3 Nc6 10. e4 O-O 11. Nf3 Bd7 12. Be2 b5 13. Qc5 e6 14. O-O Re8 15.
Rfd1 Bf8 16. Qg5 Qxg5 17. Nxg5 h6 18. Nf3 Bd6 19. e5 Bf8 20. Nd2 b4 21. Ne4 Be7
22. Bf3 bxc3 23. Rac1 Rab8 24. Rxc3 Rb2 25. a3 Reb8 26. Nf6+ Bxf6 27. exf6 Rb1
28. Rcd3 Rxd1+ 29. Rxd1 Rb3 30. d5 exd5 31. Bxd5 Rxa3 32. Bxc7 a5 33. h3 Nb4
34. Bc4 Rc3 35. Bxf7+ Kxf7 36. Rxd7+ Kxf6 37. Bxa5 Rc1+ 38. Kh2 Nc6 39. Bd2 Rc2
40. Bxh6 Ne5 41. Bg7+ Ke6 42. Rb7 Nd3 43. Bd4 Nxf2 44. Rb2 Rxb2 45. Bxb2 Kf5
46. Kg3 Ne4+ 47. Kf3 Ng5+ 48. Ke3 Ne6 49. g4+ Kg5 1/2-1/2